<?xml version="1.0" encoding="UTF-8"?>
<collection xmlns="http://www.loc.gov/MARC21/slim">
    <record>
        <controlfield tag="001">40353</controlfield>
        <controlfield tag="005">20170831220354.0</controlfield>
        <datafield tag="037" ind1=" " ind2=" ">
            <subfield code="a">GDOC-2013-3147</subfield>
        </datafield>
        <datafield tag="041" ind1=" " ind2=" ">
            <subfield code="a">spa</subfield>
        </datafield>
        <datafield tag="100" ind1=" " ind2=" ">
            <subfield code="0">(orcid)0000-0003-3724-508X</subfield>
            <subfield code="a">Morellón Alquézar, Luis Alberto</subfield>
        </datafield>
        <datafield tag="245" ind1="0" ind2="0">
            <subfield code="9">69131</subfield>
            <subfield code="a">Preparation of nanostructured materials</subfield>
        </datafield>
        <datafield tag="260" ind1=" " ind2=" ">
            <subfield code="a">Zaragoza</subfield>
            <subfield code="b">Universidad de Zaragoza</subfield>
            <subfield code="c">2013-2014</subfield>
        </datafield>
        <datafield tag="520" ind1=" " ind2=" ">
            <subfield code="a">A brief introduction to the subject     The two types of approach used for the production of nanostructured materials are presented in this subject, i.e. the "top-down" method which consists of "sculpting" a macro or micro material until obtaining the nanoscopic dimensions required, and the "bottom-up" method in which the atoms and molecules are moved like "bricks" to create a nanoscopic molecular building.   A brief description of the contents of this subject includes:   Presentation of the nanostructured materials preparation methods: "top-down" and "bottom-up" approaches. Preparation methods for thin film, single and multi-layer molecules: chemical vapour deposition (CVD), physical vapour deposition (PVD), liquid phase deposition (“cast films”, “spin coating”, “spray coating”, “ink printing”, “dip-coating”, “layer-by-layer”, Langmuir-Blodgett, liquid phase epitaxy, electroplating, etc.), solid phase deposition (“powder deposition”, “screen printing”). Optical lithography. Electron beam lithography. Ion beam lithography. Evanescent wave lithography. Nanoimprint lithography.   The theory classes are complemented by four practical sessions including:   1.- Liquid phase deposition techniques 2.- Optical lithography 3.- PLD Sputtering 4.- Nanolab  </subfield>
        </datafield>
        <datafield tag="521" ind1=" " ind2=" ">
            <subfield code="9">674</subfield>
            <subfield code="a">Máster Universitario en Erasmus Mundus en Ingeniería de Membranas</subfield>
        </datafield>
        <datafield tag="540" ind1=" " ind2=" ">
            <subfield code="a">by-nc-sa</subfield>
            <subfield code="b">Creative Commons</subfield>
            <subfield code="c">3.0</subfield>
            <subfield code="u">http://creativecommons.org/licenses/by-nc-sa/3.0/</subfield>
        </datafield>
        <datafield tag="700" ind1=" " ind2=" ">
            <subfield code="9">(orcid)0000-0002-0111-8284</subfield>
            <subfield code="a">Pardo Gracia, José Angel</subfield>
        </datafield>
        <datafield tag="700" ind1=" " ind2=" ">
            <subfield code="9">(orcid)0000-0002-4729-9578</subfield>
            <subfield code="a">Cea Mingueza, Pilar</subfield>
        </datafield>
        <datafield tag="700" ind1=" " ind2=" ">
            <subfield code="9"></subfield>
            <subfield code="a">Gracia Lostao, Ana Isabel</subfield>
        </datafield>
        <datafield tag="700" ind1=" " ind2=" ">
            <subfield code="9">(orcid)0000-0001-9566-0738</subfield>
            <subfield code="a">De Teresa Nogueras, José María</subfield>
        </datafield>
        <datafield tag="700" ind1=" " ind2=" ">
            <subfield code="9">(orcid)0000-0001-9193-3874</subfield>
            <subfield code="a">Martín Solans, Santiago</subfield>
        </datafield>
        <datafield tag="700" ind1=" " ind2=" ">
            <subfield code="9"></subfield>
            <subfield code="a">Lucas del Pozo, Irene</subfield>
        </datafield>
        <datafield tag="830" ind1=" " ind2=" ">
            <subfield code="9">472</subfield>
        </datafield>
        <datafield tag="856" ind1="4" ind2=" ">
            <subfield code="s">104220</subfield>
            <subfield code="u">http://zaguan.unizar.es/record/40353/files/guia.pdf</subfield>
            <subfield code="y">Guía (idioma español)</subfield>
        </datafield>
        <datafield tag="980" ind1=" " ind2=" ">
            <subfield code="a">GDOC</subfield>
            <subfield code="b">Ciencias</subfield>
            <subfield code="c">100</subfield>
        </datafield>
    </record>

    
</collection>